000 00277nam a2200121Ia 4500
008 221030s9999 xx 000 0 und d
041 _aEnglish
100 _aS. A. Kumar
245 0 _aEntrepreneurship Development
_cby S. A. Kumar
260 _c0
650 _aMb
942 _cBK
999 _c14085
_d14085